[Event "Dubai The Arbor blitz op"]
[Site "Dubai"]
[Date "2019.04.12"]
[Round "3"]
[White "Nawaf, Abdulwahed"]
[Black "Rombaua, Mariel Joseph"]
[Result "0-1"]
[WhiteElo "1386"]
[BlackElo "1829"]
[PlyCount "80"]
[EventDate "2019.04.12"]
[EventType "swiss (blitz)"]
[EventRounds "9"]
[EventCountry "UAE"]
[SourceTitle "CBM 189 Extra"]
[Source "ChessBase"]
[SourceDate "2019.06.03"]
[SourceVersion "1"]
[SourceVersionDate "2019.06.03"]
[SourceQuality "1"]

1. e4 d6 2. d4 c6 3. Nf3 Qc7 4. Bc4 e5 5. Nc3 h6 6. dxe5 dxe5 7. 0-0 Nf6 8. a3 Bg4 9. h3 Bh5 10. Qd3 Nbd7 11. Nh2 Bc5 12. Na4 Be7 13. Nc3 Rd8 14. Qg3 Bg6 15. Re1 a5 16. Kh1 b5 17. Bd3 0-0 18. Ng4 Nxg4 19. Qxg4 Nc5 20. Re3 Ne6 21. Rg3 Kh8 22. Be3 Nf4 23. Bxf4 exf4 24. Rf3 Bd6 25. Re1 Rfe8 26. g3 fxg3 27. fxg3 b4 28. axb4 Bxb4 29. h4 Bxc3 30. bxc3 Qe5 31. c4 Bh5 32. Qf5 Bxf3+ 33. Qxf3 Re6 34. Qf2 Rf6 35. Qg2 a4 36. Kh2 a3 37. Qg1 a2 38. Ra1 Rxd3 39. cxd3 Qb2+ 40. Kh1 Rf2 0-1